| 000 | 01133nam a22002537a 4500 | ||
|---|---|---|---|
| 005 | 20250327074401.0 | ||
| 008 | 250327b |||||||| |||| 00| 0 eng d | ||
| 020 | _a978-621-451-036-8 | ||
| 082 | _aFil. 378.0076 L698 2023 | ||
| 100 | _aCorpuz, Brenda B. | ||
| 245 |
_aLET comprehensive reviewer: _bbased on 2022 enhanced Table of Specification (TOS) for Board Licensure Examination for Professional Teachers (BLEPT): Professional education / _cCorpuz, Brenda B., Nelia G. Prieto, Purita P. Bilbao, Milagros L. Borabo, Heidi Grace B. Din, Daisy A. Rosario, Helen B. Boholano, Ruben, E. Faltado III, Michelle Mae J. Olivido |
||
| 260 |
_aQuezon City: _bLorimar Publishing, _cc2023 |
||
| 300 | _avi, 202p. | ||
| 541 | _e7793 c.1 | ||
| 650 | _aProfessional education - Problems, exercises, etc. | ||
| 700 |
_aPrieto, Nelia G. _eauthor |
||
| 700 |
_aBilbao, Purita P. _eauthor |
||
| 700 |
_aBorabo, Milagros L. _eauthor |
||
| 700 |
_aDin, Heidi Grace B. _eauthor |
||
| 700 |
_aRosario, Daisy A. _eauthor |
||
| 700 |
_aBoholano, Helen B. _eauthor |
||
| 700 |
_aFaltado, Ruben E., III _eauthor |
||
| 700 | _aOlivido, Michelle Mae J. | ||
| 999 |
_c2410 _d2410 |
||